[Event "Kiev Independence Cup-A 8th"]
[Site "Kiev"]
[Date "2008.08.20"]
[Round "8"]
[White "Tkachev, Ivan"]
[Black "Ianovsky, Alexander"]
[Result "1-0"]
[WhiteElo "1952"]
[BlackElo "2186"]
[PlyCount "63"]
[EventDate "2008.08.13"]
[EventType "swiss"]
[EventRounds "11"]
[EventCountry "UKR"]
[SourceTitle "CBM 126 Extra"]
[Source "ChessBase"]
[SourceDate "2008.11.05"]
[SourceVersion "1"]
[SourceVersionDate "2008.11.05"]
[SourceQuality "1"]

1. d4 d5 2. Bf4 Nf6 3. e3 g6 4. Nf3 Bg7 5. Nbd2 0-0 6. Bd3 b6 7. 0-0 Bb7 8. Rc1 Nbd7 9. Re1 c5 10. c3 Ne4 11. Qc2 Ndf6 12. Be5 Nxd2 13. Nxd2 Nd7 14. Bxg7 Kxg7 15. b3 e5 16. Bb5 e4 17. Bxd7 Qxd7 18. dxc5 bxc5 19. Rcd1 f5 20. f3 Rae8 21. b4 d4 22. cxd4 cxb4 23. Qb2 Qa4 24. Rc1 Bd5 25. fxe4 fxe4 26. Nb3 Qa3 27. Qxa3 bxa3 28. Rc3 Rc8 29. Nc5 Rb8 30. Nd7 Rfc8 31. Rxa3 Rc2 32. Nxb8 1-0

[Event "Kiev Independence Cup-A 8th"]
[Site "Kiev"]
[Date "2008.08.18"]
[Round "6"]
[White "Ianovsky, Alexander"]
[Black "Rodin, Alexey"]
[Result "1/2-1/2"]
[WhiteElo "2186"]
[BlackElo "1762"]
[PlyCount "101"]
[EventDate "2008.08.13"]
[EventType "swiss"]
[EventRounds "11"]
[EventCountry "UKR"]
[SourceTitle "CBM 126 Extra"]
[Source "ChessBase"]
[SourceDate "2008.11.05"]
[SourceVersion "1"]
[SourceVersionDate "2008.11.05"]
[SourceQuality "1"]

1. e4 e5 2. Nc3 Nc6 3. Nf3 Nf6 4. Bb5 Nd4 5. Nxd4 exd4 6. Nd5 Nxd5 7. exd5 Be7 8. 0-0 0-0 9. Qg4 c5 10. Bd3 d6 11. Bf5 Bf6 12. d3 Bxf5 13. Qxf5 Re8 14. Bf4 Re2 15. Rac1 Qe7 16. Rfd1 Re8 17. Kf1 g5 18. Bd2 Qe5 19. Qxe5 R2xe5 20. Re1 Kf8 21. Rxe5 Rxe5 22. c4 dxc3 23. Bxc3 Rf5 24. Bxf6 Rxf6 25. d4 b6 26. dxc5 dxc5 27. Ke2 Rf5 28. b4 Rxd5 29. bxc5 Rxc5 30. Ra1 Rc2+ 31. Ke3 Ke7 32. a4 Rb2 33. a5 Kf6 34. axb6 axb6 35. Ra7 h5 36. Rb7 b5 37. h3 h4 38. g4 b4 39. Kf3 Rb1 40. Kg2 b3 41. Rb6+ Ke5 42. Rb7 f6 43. Rb6 b2 44. Rb8 Kd4 45. Rd8+ Ke4 46. Rb8 Ke5 47. Rb7 Ke6 48. Rb6+ Ke5 49. Rb8 Kd4 50. Rd8+ Kc3 51. Rc8+ 1/2-1/2

[Event "Kiev Independence Cup-A 8th"]
[Site "Kiev"]
[Date "2008.08.15"]
[Round "3"]
[White "Ianovsky, Alexander"]
[Black "Stavroyany, Sergey"]
[Result "0-1"]
[WhiteElo "2186"]
[BlackElo "2236"]
[PlyCount "76"]
[EventDate "2008.08.13"]
[EventType "swiss"]
[EventRounds "11"]
[EventCountry "UKR"]
[SourceTitle "CBM 126 Extra"]
[Source "ChessBase"]
[SourceDate "2008.11.05"]
[SourceVersion "1"]
[SourceVersionDate "2008.11.05"]
[SourceQuality "1"]

1. e4 c5 2. Nc3 Nc6 3. g3 g6 4. Bg2 Bg7 5. d3 e5 6. Nge2 Nge7 7. 0-0 0-0 8. h3 d6 9. g4 f5 10. exf5 gxf5 11. Ng3 f4 12. Nh5 Nd4 13. Nd5 Nxd5 14. Bxd5+ Kh8 15. c3 Ne6 16. Qf3 Qh4 17. Bxe6 Bxe6 18. Nxg7 Kxg7 19. Qxb7+ Kh8 20. Qg2 Rg8 21. f3 h5 22. Qh2 Rg6 23. Bd2 Kg7 24. Be1 Qf6 25. Kf2 hxg4 26. hxg4 Rh8 27. Qg2 c4 28. Ke2 cxd3+ 29. Kxd3 Rgh6 30. Qe2 Rh2 31. Bf2 R8h3 32. Qe4 d5 33. Qa4 Rxf3+ 34. Ke2 Bxg4 35. Qxa7+ Kg6 36. Ke1 Qf5 37. Qa6+ Kg5 38. Qa4 Qd3 0-1

[Event "Kiev-ch"]
[Site "Kiev"]
[Date "2008.01.25"]
[Round "5"]
[White "Ianovsky, Alexander"]
[Black "Chornozem, Sergey"]
[Result "1/2-1/2"]
[WhiteElo "2193"]
[BlackElo "2080"]
[PlyCount "117"]
[EventDate "2008.01.19"]
[EventType "swiss"]
[EventRounds "11"]
[EventCountry "UKR"]
[SourceTitle "CBM 122 Extra"]
[Source "ChessBase"]
[SourceDate "2008.03.04"]
[SourceVersion "1"]
[SourceVersionDate "2008.03.04"]
[SourceQuality "1"]

1. d4 Nf6 2. c4 e6 3. Nc3 Bb4 4. e3 0-0 5. Bd3 d5 6. Nge2 c5 7. a3 dxc4 8. Bxc4 cxd4 9. axb4 dxc3 10. Qxd8 Rxd8 11. bxc3 Nbd7 12. 0-0 Nb6 13. Bb3 Bd7 14. Rd1 a6 15. Bb2 Bb5 16. Rxd8+ Rxd8 17. Rd1 Rxd1+ 18. Bxd1 Ba4 19. Bxa4 Nxa4 20. Bc1 b5 21. f3 Kf8 22. e4 Ke8 23. Kf2 Kd7 24. Ke3 e5 25. Kd3 Nb6 26. Bg5 Ne8 27. Nc1 Nd6 28. Nb3 Nb7 29. Bc1 Kc6 30. g3 Nc4 31. f4 g6 32. Ke2 Nbd6 33. Kf3 f5 34. exf5 e4+ 35. Ke2 gxf5 36. h3 h5 37. Nd4+ Kd5 38. Nc2 Nb6 39. Be3 Na4 40. Bd4 Nc4 41. Kf2 Nab2 42. g4 e3+ 43. Nxe3+ Nxe3 44. Kxe3 fxg4 45. hxg4 hxg4 46. f5 Nc4+ 47. Kf4 g3 48. Kxg3 a5 49. bxa5 Nxa5 50. Kf4 Nc6 51. Bg7 b4 52. cxb4 Nxb4 53. Kg5 Nc6 54. Bf6 Nb8 55. Kg6 Ke4 56. Be7 Nd7 57. Bd6 Kd5 58. Be7 Ke4 59. Bd6 1/2-1/2

[Event "Kiev-ch"]
[Site "Kiev"]
[Date "2007.01.29"]
[Round "10"]
[White "Lebed, Petr"]
[Black "Ianovsky, Alexander"]
[Result "1-0"]
[WhiteElo "2088"]
[BlackElo "2240"]
[PlyCount "55"]
[EventDate "2007.01.20"]
[EventType "swiss"]
[EventRounds "11"]
[EventCountry "UKR"]
[SourceTitle "CBM 116 Extra"]
[Source "ChessBase"]
[SourceDate "2007.03.07"]
[SourceVersion "1"]
[SourceVersionDate "2007.03.07"]
[SourceQuality "1"]

1. d4 g6 2. Nf3 Bg7 3. e4 d6 4. Be2 Nf6 5. Nbd2 0-0 6. 0-0 c6 7. c3 Nbd7 8. b3 e5 9. Bb2 Qc7 10. dxe5 dxe5 11. Qc2 b6 12. Rad1 Bb7 13. Nc4 c5 14. Nd6 Bc6 15. Ng5 h6 16. Ngxf7 Rxf7 17. Bc4 Raf8 18. a4 Ne8 19. Bxf7+ Rxf7 20. Nxe8 Qb7 21. Nd6 Qc7 22. Nxf7 Kxf7 23. Qd3 Kg8 24. Qd6 Qb7 25. f3 Kh7 26. Qe7 Qc8 27. Rd6 Kh8 28. Qe6 1-0

[Event "Kiev-ch"]
[Site "Kiev"]
[Date "2007.01.27"]
[Round "8"]
[White "Musienko, Olexiy"]
[Black "Ianovsky, Alexander"]
[Result "1/2-1/2"]
[WhiteElo "1945"]
[BlackElo "2240"]
[PlyCount "102"]
[EventDate "2007.01.20"]
[EventType "swiss"]
[EventRounds "11"]
[EventCountry "UKR"]
[SourceTitle "CBM 116 Extra"]
[Source "ChessBase"]
[SourceDate "2007.03.07"]
[SourceVersion "1"]
[SourceVersionDate "2007.03.07"]
[SourceQuality "1"]

1. e4 d6 2. d4 Nf6 3. Nc3 g6 4. g3 Bg7 5. Bg2 0-0 6. Nge2 c6 7. 0-0 e5 8. h3 Na6 9. Be3 Qa5 10. a3 Be6 11. Qd2 Bc4 12. Rad1 Rfe8 13. Rfe1 Qc7 14. g4 b6 15. Ng3 Rad8 16. d5 cxd5 17. exd5 Nc5 18. Bg5 Ba6 19. Nce4 Ncxe4 20. Nxe4 Nxe4 21. Bxd8 Nxd2 22. Bxc7 Nc4 23. b3 Rc8 24. bxc4 Rxc7 25. Be4 Bxc4 26. g5 Bf8 27. Re3 Ba6 28. Rb1 Be7 29. h4 h6 30. Rg3 hxg5 31. hxg5 Rc5 32. Kh2 Bc8 33. Rc1 Bf5 34. Bxf5 gxf5 35. g6 fxg6 36. Rxg6+ Kf7 37. Rg3 Rxd5 38. Rc3 Rc5 39. Rxc5 dxc5 40. c4 Ke6 41. Rd1 e4 42. f4 Bd6 43. Kg3 a6 44. a4 Be7 45. Rh1 Bf6 46. Rh7 Bc3 47. Rb7 Be1+ 48. Kg2 Ba5 49. Kf2 Kf6 50. Ke3 Ke6 51. Rb8 Kf6 1/2-1/2

[Event "Kiev-ch"]
[Site "Kiev"]
[Date "2007.01.25"]
[Round "6"]
[White "Kruglyakov, Pavlo"]
[Black "Ianovsky, Alexander"]
[Result "1-0"]
[WhiteElo "2289"]
[BlackElo "2240"]
[PlyCount "73"]
[EventDate "2007.01.20"]
[EventType "swiss"]
[EventRounds "11"]
[EventCountry "UKR"]
[SourceTitle "CBM 116 Extra"]
[Source "ChessBase"]
[SourceDate "2007.03.07"]
[SourceVersion "1"]
[SourceVersionDate "2007.03.07"]
[SourceQuality "1"]

1. e4 d6 2. d4 Nf6 3. Nc3 g6 4. g3 Bg7 5. Bg2 h5 6. h3 h4 7. g4 Nfd7 8. f4 e5 9. Nf3 c5 10. dxe5 dxe5 11. f5 Nc6 12. fxg6 fxg6 13. Nd5 Nd4 14. c3 Nxf3+ 15. Qxf3 Rf8 16. Qe3 Rf7 17. Qg5 Nf8 18. Qxd8+ Kxd8 19. Bg5+ Ke8 20. Bf1 Ne6 21. Bxh4 g5 22. Bf2 Bd7 23. a4 Rc8 24. Bc4 Rf4 25. Nxf4 Nxf4 26. Be3 Ke7 27. Bxf4 exf4 28. a5 Re8 29. Kf2 Bc6 30. Bd5 a6 31. h4 Kd6 32. Rad1 Bf6 33. hxg5 Bxg5 34. Kf3 Ke5 35. Rh5 Kf6 36. Bxc6 bxc6 37. Rd6+ 1-0

[Event "Kiev-ch"]
[Site "Kiev"]
[Date "2007.01.21"]
[Round "2"]
[White "Kernazhitsky, Leonid"]
[Black "Ianovsky, Alexander"]
[Result "1-0"]
[WhiteElo "2345"]
[BlackElo "2240"]
[PlyCount "31"]
[EventDate "2007.01.20"]
[EventType "swiss"]
[EventRounds "11"]
[EventCountry "UKR"]
[SourceTitle "CBM 116 Extra"]
[Source "ChessBase"]
[SourceDate "2007.03.07"]
[SourceVersion "1"]
[SourceVersionDate "2007.03.07"]
[SourceQuality "1"]

1. e4 Nf6 2. Nc3 d5 3. exd5 Nxd5 4. Bc4 e6 5. Qf3 Nb6 6. Bb3 c5 7. d3 Nc6 8. Nge2 Nd4 9. Nxd4 cxd4 10. Ne2 Be7 11. c3 dxc3 12. bxc3 0-0 13. d4 a5 14. 0-0 a4 15. Bc2 Nc4 16. Qd3 1-0

[Event "Kiev Independence Cup-A 6th"]
[Site "Kiev"]
[Date "2006.08.23"]
[Round "11"]
[White "Ianovsky, Alexander"]
[Black "Moiseev, Igor"]
[Result "0-1"]
[WhiteElo "2308"]
[BlackElo "2246"]
[PlyCount "128"]
[EventDate "2006.08.13"]
[EventType "swiss"]
[EventRounds "11"]
[EventCountry "UKR"]
[SourceTitle "CBM 113 Extra"]
[Source "ChessBase"]
[SourceDate "2006.09.14"]
[SourceVersion "1"]
[SourceVersionDate "2006.09.14"]
[SourceQuality "1"]

1. g3 e5 2. c4 g6 3. Bg2 Bg7 4. Nc3 Ne7 5. d3 0-0 6. Nf3 Nbc6 7. 0-0 h6 8. Rb1 d5 9. cxd5 Nxd5 10. Nxe5 Nxe5 11. Nxd5 Be6 12. Nc3 c5 13. Bxb7 Rb8 14. Bg2 Ng4 15. Bd2 h5 16. Qa4 c4 17. Bf4 Rc8 18. dxc4 Rxc4 19. Qxa7 Rxf4 20. e3 Rb4 21. Rfd1 Qb8 22. Qxb8 Rfxb8 23. Ne4 Bxa2 24. Rbc1 Rxb2 25. h3 Ne5 26. Rc7 Rb1 27. Rxb1 Rxb1+ 28. Kh2 Rb2 29. Kg1 Nd3 30. Bf1 Rb1 31. Nc3 Bxc3 32. Rxc3 Ne5 33. Rc5 Bc4 34. Rxe5 Bxf1 35. Kh2 Rb2 36. Kg1 Bxh3 37. Ra5 Kg7 38. Ra6 Bc8 39. Rd6 Bb7 40. Rd1 Bf3 41. Rc1 Rd2 42. Ra1 Rd1+ 43. Rxd1 Bxd1 44. Kg2 Kf6 45. f3 Kf5 46. e4+ Ke5 47. Kf2 Kd4 48. f4 Kxe4 49. Ke1 Kf3 50. Kxd1 Kxg3 51. f5 h4 52. Kd2 h3 53. f6 h2 54. Ke3 h1Q 55. Kd4 Kf4 56. Kc5 Qd1 57. Kc6 Ke5 58. Kc7 Qd6+ 59. Kb7 Qd7+ 60. Kb6 Kd5 61. Ka6 Qc7 62. Kb5 Qb7+ 63. Ka4 Kc4 64. Ka3 Qb3# 0-1

[Event "Kiev Independence Cup-A 6th"]
[Site "Kiev"]
[Date "2006.08.22"]
[Round "10"]
[White "Mazurchak, Bogdan"]
[Black "Ianovsky, Alexander"]
[Result "1-0"]
[WhiteElo "2075"]
[BlackElo "2308"]
[PlyCount "123"]
[EventDate "2006.08.13"]
[EventType "swiss"]
[EventRounds "11"]
[EventCountry "UKR"]
[SourceTitle "CBM 113 Extra"]
[Source "ChessBase"]
[SourceDate "2006.09.14"]
[SourceVersion "1"]
[SourceVersionDate "2006.09.14"]
[SourceQuality "1"]

1. e4 Nf6 2. e5 Nd5 3. c4 Nb6 4. d4 d6 5. exd6 exd6 6. Bd3 Nc6 7. Be3 d5 8. c5 Nc4 9. Qe2 Nxe3 10. fxe3 g6 11. Nf3 Bh6 12. 0-0 0-0 13. Na3 Bg4 14. Nc2 f5 15. h3 Bxf3 16. Qxf3 Qd7 17. Rae1 Nd8 18. b4 Nf7 19. h4 Bg7 20. b5 c6 21. h5 Nh6 22. hxg6 hxg6 23. Qg3 Rf6 24. bxc6 bxc6 25. Rb1 a5 26. Rb6 Re8 27. Be2 Rfe6 28. Rfb1 Qf7 29. Bd1 Rxe3 30. Nxe3 Bxd4 31. Rb8 f4 32. Qg5 Nf5 33. Rxe8+ Qxe8 34. Bh5 Qxe3+ 35. Kh1 Qg3 36. Qxg6+ Qxg6 37. Bxg6 Ng3+ 38. Kh2 Kg7 39. Be8 Bxc5 40. Bxc6 d4 41. Rb5 Bb4 42. Rd5 Bc3 43. Bb5 Kf6 44. Bd3 Ke6 45. Rb5 Bd2 46. a4 Kd6 47. Kg1 Kc6 48. Kf2 Kd6 49. Kf3 Ke6 50. Rg5 Kd6 51. Be4 Ke6 52. Rd5 Nxe4 53. Kxe4 Bc3 54. Rb5 Kd6 55. Rd5+ Kc6 56. Rf5 Bd2 57. Kxd4 Kd6 58. Ke4 Ke6 59. Rxf4 Bxf4 60. Kxf4 Kf6 61. Ke4 Kg5 62. Kd5 1-0

[Event "Kiev Independence Cup-A 6th"]
[Site "Kiev"]
[Date "2006.08.20"]
[Round "8"]
[White "Zakharchenko, Arnold"]
[Black "Ianovsky, Alexander"]
[Result "1-0"]
[WhiteElo "2275"]
[BlackElo "2308"]
[PlyCount "127"]
[EventDate "2006.08.13"]
[EventType "swiss"]
[EventRounds "11"]
[EventCountry "UKR"]
[SourceTitle "CBM 113 Extra"]
[Source "ChessBase"]
[SourceDate "2006.09.14"]
[SourceVersion "1"]
[SourceVersionDate "2006.09.14"]
[SourceQuality "1"]

1. d4 d5 2. c4 dxc4 3. Nf3 Nf6 4. e3 e6 5. Bxc4 a6 6. 0-0 b5 7. Be2 Bb7 8. a4 b4 9. a5 c5 10. Nbd2 Be7 11. Nc4 0-0 12. b3 Nc6 13. Bb2 Nd5 14. dxc5 Bxc5 15. Qc2 Qe7 16. Bd3 h6 17. Rfc1 Rac8 18. Qe2 Na7 19. Ncd2 Qe8 20. Ne4 Be7 21. Bxa6 Rxc1+ 22. Rxc1 Bxa6 23. Qxa6 Nb5 24. Nd4 Nbc7 25. Qc4 Qa8 26. Nc6 Bh4 27. Nd6 Bg5 28. h4 Nxe3 29. Qe4 Nf5 30. hxg5 Nxd6 31. Qe5 Nde8 32. gxh6 f6 33. Qh5 Nd5 34. Qe2 Nec7 35. Ne7+ Kf7 36. hxg7 Kxg7 37. Nxd5 Nxd5 38. Qxe6 Qxa5 39. Rd1 Nf4 40. Qg4+ Ng6 41. Rd7+ Rf7 42. Qe6 Rxd7 43. Bxf6+ Kf8 44. Qxd7 Qh5 45. g4 Qh6 46. Qf5 Ke8 47. Bg5 Qh7 48. Qc8+ Kf7 49. Qd7+ Kg8 50. Qxh7+ Kxh7 51. f4 Kg7 52. Kf2 Kf7 53. Ke3 Nf8 54. Kd4 Ne6+ 55. Kc4 Nxg5 56. fxg5 Kg6 57. Kxb4 Kxg5 58. Kc5 Kxg4 59. b4 Kf4 60. b5 Ke4 61. b6 Kd3 62. b7 Ke3 63. b8Q Kd3 64. Qf4 1-0

[Event "Kiev Independence Cup-A 6th"]
[Site "Kiev"]
[Date "2006.08.19"]
[Round "7"]
[White "Ianovsky, Alexander"]
[Black "Borzov, Dmitri"]
[Result "1/2-1/2"]
[WhiteElo "2308"]
[BlackElo "2201"]
[PlyCount "108"]
[EventDate "2006.08.13"]
[EventType "swiss"]
[EventRounds "11"]
[EventCountry "UKR"]
[SourceTitle "CBM 113 Extra"]
[Source "ChessBase"]
[SourceDate "2006.09.14"]
[SourceVersion "1"]
[SourceVersionDate "2006.09.14"]
[SourceQuality "1"]

1. Nf3 g6 2. g3 Bg7 3. Bg2 d6 4. 0-0 e5 5. c4 Nc6 6. Nc3 f5 7. d3 Nf6 8. Rb1 0-0 9. b4 h6 10. c5 g5 11. b5 Ne7 12. cxd6 cxd6 13. a4 Be6 14. Ba3 Ng6 15. Nd2 Rf7 16. Bb4 d5 17. a5 d4 18. Na4 Bd5 19. b6 Bxg2 20. Kxg2 Nd5 21. Nc4 Nxb4 22. Rxb4 a6 23. f3 Qd5 24. Rb2 Raf8 25. Qb3 g4 26. Nd2 Qxb3 27. Nxb3 h5 28. Rc2 Ne7 29. Rc7 Nd5 30. Rxf7 Rxf7 31. Rc1 Rf8 32. h3 gxf3+ 33. Kxf3 Bf6 34. Nbc5 Rc8 35. Rg1 Nc3 36. g4 hxg4+ 37. hxg4 fxg4+ 38. Kxg4 Kf7 39. Rh1 Nxa4 40. Nxa4 Ke6 41. Nb2 Rc2 42. Nc4 Rxe2 43. Kf3 Ra2 44. Rh7 Be7 45. Rh8 Bb4 46. Rb8 Bxa5 47. Rxb7 Kd5 48. Ra7 e4+ 49. dxe4+ Kxc4 50. Rxa6 d3 51. b7 Rb2 52. Rxa5 Rxb7 53. Ke3 Rd7 54. Kd2 Kd4 1/2-1/2

[Event "Kiev Independence Cup-A 6th"]
[Site "Kiev"]
[Date "2006.08.18"]
[Round "6"]
[White "Khadzh Khamed, Naser"]
[Black "Ianovsky, Alexander"]
[Result "0-1"]
[WhiteElo "1998"]
[BlackElo "2308"]
[PlyCount "124"]
[EventDate "2006.08.13"]
[EventType "swiss"]
[EventRounds "11"]
[EventCountry "UKR"]
[SourceTitle "CBM 113 Extra"]
[Source "ChessBase"]
[SourceDate "2006.09.14"]
[SourceVersion "1"]
[SourceVersionDate "2006.09.14"]
[SourceQuality "1"]

1. e4 Nf6 2. e5 Nd5 3. c4 Nb6 4. d4 d6 5. exd6 exd6 6. Bd3 Nc6 7. Ne2 Nb4 8. Be4 d5 9. cxd5 N4xd5 10. Nbc3 Be7 11. 0-0 0-0 12. Ng3 g6 13. Bh6 Re8 14. Qf3 Be6 15. Rfe1 c6 16. Re2 Qd7 17. h3 f5 18. Bxd5 Nxd5 19. Rae1 Bf6 20. Nxd5 Bxd5 21. Qa3 a6 22. Qd3 Rxe2 23. Rxe2 Re8 24. b3 Rd8 25. Rd2 Bf7 26. Be3 c5 27. d5 Bxd5 28. Rc2 c4 29. bxc4 Bc6 30. Qxd7 Rxd7 31. f3 Kf7 32. Ne2 g5 33. Kf2 f4 34. Bc1 Be7 35. c5 Ba4 36. Rc3 Bb5 37. Rc2 Rc7 38. Ba3 b6 39. cxb6 Rxc2 40. b7 Rxe2+ 41. Kg1 Re1+ 42. Kh2 g4 43. g3 Re2+ 44. Kh1 fxg3 45. b8Q g2+ 46. Kg1 Bxa3 47. Qc7+ Be7 48. hxg4 Rxa2 49. Qf4+ Kg8 50. Qe5 Re2 51. Qd5+ Kg7 52. f4 Rc2 53. Qd4+ Kh6 54. g5+ Kh5 55. Qd1+ Re2 56. Qd5 Kg4 57. g6 hxg6 58. Kh2 Bh4 59. Qb3 g1Q+ 60. Kxg1 Bf2+ 61. Kh2 Bh4+ 62. Kh1 Bc6+ 0-1

[Event "Kiev Independence Cup-A 6th"]
[Site "Kiev"]
[Date "2006.08.15"]
[Round "3"]
[White "Ianovsky, Alexander"]
[Black "Berezjuk, Evgeniya"]
[Result "0-1"]
[WhiteElo "2308"]
[BlackElo "2096"]
[PlyCount "38"]
[EventDate "2006.08.13"]
[EventType "swiss"]
[EventRounds "11"]
[EventCountry "UKR"]
[SourceTitle "CBM 113 Extra"]
[Source "ChessBase"]
[SourceDate "2006.09.14"]
[SourceVersion "1"]
[SourceVersionDate "2006.09.14"]
[SourceQuality "1"]

1. Nf3 Nf6 2. g3 g6 3. Bg2 Bg7 4. 0-0 0-0 5. c4 d6 6. d4 c5 7. dxc5 dxc5 8. Nc3 Nc6 9. Be3 Qa5 10. Qa4 Qxa4 11. Nxa4 Be6 12. Nd2 Nd7 13. Nxc5 Nxc5 14. Bxc5 Rfd8 15. Be3 Nd4 16. Bxd4 Rxd4 17. Nb3 Rxc4 18. Rad1 Rc2 19. Rd2 Bxb3 0-1

[Event "Kiev Independence Cup-A 5th"]
[Site "Kiev"]
[Date "2005.08.17"]
[Round "6"]
[White "Ianovsky, Alexander"]
[Black "Moliboga, Vladimir"]
[Result "1-0"]
[WhiteElo "2297"]
[BlackElo "2323"]
[PlyCount "81"]
[EventDate "2005.08.12"]
[EventType "swiss"]
[EventRounds "11"]
[EventCountry "UKR"]
[SourceTitle "CBM 107 Extra"]
[Source "ChessBase"]
[SourceDate "2005.09.01"]
[SourceVersion "1"]
[SourceVersionDate "2005.09.01"]
[SourceQuality "1"]

1. e4 g6 2. d4 Bg7 3. Nc3 d6 4. Be2 Nc6 5. Be3 e5 6. dxe5 Nxe5 7. f4 Nc6 8. Bf3 Nge7 9. g4 g5 10. f5 h5 11. Nge2 Ne5 12. Ng3 Nxf3+ 13. Qxf3 Be5 14. Nxh5 Ng8 15. h4 gxh4 16. 0-0-0 Nf6 17. Nxf6+ Qxf6 18. Nd5 Qd8 19. Bd4 Bxd4 20. Rxd4 Rg8 21. Rhd1 Bd7 22. R4d2 c6 23. Ne3 Qg5 24. Nc4 Qxg4 25. Nxd6+ Kf8 26. Qb3 Be8 27. Qxb7 Rd8 28. f6 Qd7 29. Qb4 c5 30. Qxc5 Qc6 31. Qb4 a5 32. Qa3 Rg3 33. Nxe8+ Rxa3 34. Rxd8 Kg8 35. bxa3 Qb6 36. e5 h3 37. e6 Qe3+ 38. Kb1 fxe6 39. Nd6+ Kh7 40. Nc4 Qe2 41. f7 1-0

[Event "Kiev Independence Cup-A 5th"]
[Site "Kiev"]
[Date "2005.08.15"]
[Round "4"]
[White "Ianovsky, Alexander"]
[Black "Shishkin, Vadim"]
[Result "0-1"]
[WhiteElo "2297"]
[BlackElo "2507"]
[PlyCount "50"]
[EventDate "2005.08.12"]
[EventType "swiss"]
[EventRounds "11"]
[EventCountry "UKR"]
[SourceTitle "CBM 107 Extra"]
[Source "ChessBase"]
[SourceDate "2005.09.01"]
[SourceVersion "1"]
[SourceVersionDate "2005.09.01"]
[SourceQuality "1"]

1. e4 c5 2. Nf3 Nc6 3. d4 cxd4 4. Nxd4 Nf6 5. Nc3 d6 6. Bc4 Qb6 7. Nxc6 bxc6 8. 0-0 g6 9. Qe1 Ng4 10. Na4 Qd4 11. Qb4 d5 12. b3 dxc4 13. Bb2 e5 14. Qe1 Qd6 15. f4 Bg7 16. h3 Nh6 17. Bxe5 Bxe5 18. fxe5 Qxe5 19. Qd2 g5 20. Qb4 Bxh3 21. gxh3 Qg3+ 22. Kh1 Qxh3+ 23. Kg1 Qg3+ 24. Kh1 Ng4 25. Qd2 Rd8 0-1

[Event "Kiev Independence Cup-A 5th"]
[Site "Kiev"]
[Date "2005.08.13"]
[Round "2"]
[White "Ianovsky, Alexander"]
[Black "Shalimov, Valery"]
[Result "0-1"]
[WhiteElo "2297"]
[BlackElo "2426"]
[PlyCount "80"]
[EventDate "2005.08.12"]
[EventType "swiss"]
[EventRounds "11"]
[EventCountry "UKR"]
[SourceTitle "CBM 107 Extra"]
[Source "ChessBase"]
[SourceDate "2005.09.01"]
[SourceVersion "1"]
[SourceVersionDate "2005.09.01"]
[SourceQuality "1"]

1. d4 Nf6 2. Nf3 d5 3. e3 c5 4. b3 cxd4 5. exd4 Nc6 6. Bb2 Bg4 7. Nbd2 e6 8. a3 Bd6 9. Bd3 0-0 10. h3 Bh5 11. g4 Bg6 12. Bxg6 fxg6 13. Qe2 Qe7 14. 0-0 Rae8 15. Ne5 g5 16. b4 Nd7 17. Nb3 Ndxe5 18. dxe5 Bc7 19. Kg2 Qf7 20. Nc5 Ne7 21. f3 Ng6 22. Qe3 Nf4+ 23. Kh2 Bb6 24. h4 Bxc5 25. bxc5 gxh4 26. Bd4 Rc8 27. Rab1 Rc7 28. Rb2 Rfc8 29. c3 g5 30. Rfb1 Rf8 31. a4 h5 32. a5 Qh7 33. c6 bxc6 34. a6 hxg4 35. fxg4 Rff7 36. Rb8+ Kg7 37. R1b7 Kh6 38. Rxa7 Qc2+ 39. Qf2 Qxf2+ 40. Bxf2 Rxa7 0-1

[Event "Kiev-ch"]
[Site "Kiev"]
[Date "2005.01.29"]
[Round "10"]
[White "Ianovsky, Alexander"]
[Black "Grinev, Valeriy"]
[Result "1/2-1/2"]
[WhiteElo "2328"]
[BlackElo "2118"]
[PlyCount "119"]
[EventDate "2005.01.15"]
[EventType "swiss"]
[EventRounds "11"]
[EventCountry "UKR"]
[SourceTitle "CBM 104 Extra"]
[Source "ChessBase"]
[SourceDate "2005.03.01"]
[SourceVersion "1"]
[SourceVersionDate "2005.03.01"]
[SourceQuality "1"]

1. e4 c6 2. d4 d5 3. Nc3 dxe4 4. Nxe4 Bf5 5. Ng3 Bg6 6. Bc4 e6 7. N1e2 Bd6 8. h4 h6 9. Nf4 Qf6 10. Nxg6 Bxg3 11. fxg3 Qxg6 12. Qd3 Qxd3 13. Bxd3 Ne7 14. g4 Nd7 15. Bf4 Nf6 16. Be2 0-0-0 17. 0-0-0 Ned5 18. Be5 Ne3 19. Rde1 Nexg4 20. Rhf1 Rd7 21. Bxg4 Nxg4 22. Bxg7 Rg8 23. Bf6 Nxf6 24. Rxf6 Rxd4 25. Re2 Rg7 26. Rxh6 Rdg4 27. Rh8+ Kc7 28. h5 Rxg2 29. h6 Rg8 30. Rxg2 Rxh8 31. Rg7 Rxh6 32. Rxf7+ Kb6 33. Re7 c5 34. a4 Kc6 35. a5 Rh1+ 36. Kd2 Ra1 37. Rxe6+ Kb5 38. Re7 Ka6 39. b3 Rxa5 40. Kc1 Ra1+ 41. Kb2 Rh1 42. c4 Rh6 43. Ka3 Kb6 44. Re8 Kc7 45. Re7+ Kc6 46. Re8 b6 47. Ra8 Rh7 48. Rg8 Kd6 49. Rd8+ Rd7 50. Re8 Kc6 51. Re6+ Rd6 52. Re7 Rd7 53. Re6+ Kb7 54. Rg6 Rd2 55. Rg7+ Kb8 56. Ka4 a6 57. Ka3 b5 58. cxb5 axb5 59. Rg5 Rc2 60. b4 1/2-1/2

[Event "Kiev-ch"]
[Site "Kiev"]
[Date "2005.01.24"]
[Round "7"]
[White "Ianovsky, Alexander"]
[Black "Semenova, Lidia K"]
[Result "0-1"]
[WhiteElo "2328"]
[BlackElo "2257"]
[PlyCount "86"]
[EventDate "2005.01.15"]
[EventType "swiss"]
[EventRounds "11"]
[EventCountry "UKR"]
[SourceTitle "CBM 104 Extra"]
[Source "ChessBase"]
[SourceDate "2005.03.01"]
[SourceVersion "1"]
[SourceVersionDate "2005.03.01"]
[SourceQuality "1"]

1. Nf3 d6 2. g3 e5 3. Bg2 Be7 4. c4 c6 5. Nc3 Be6 6. b3 Qc8 7. d4 Bh3 8. 0-0 Bxg2 9. Kxg2 Qc7 10. dxe5 dxe5 11. Qc2 Nd7 12. Bb2 Ngf6 13. Rad1 0-0 14. Rd2 Rad8 15. Rfd1 g6 16. Ne4 Nxe4 17. Qxe4 f6 18. Qg4 Nc5 19. b4 Rxd2 20. Rxd2 f5 21. Qh3 Nd7 22. c5 e4 23. Nd4 Rf7 24. Qh6 Nf8 25. Nc2 Ne6 26. Nd4 Bg5 27. Qh3 Bxd2 28. Nxe6 Qe7 29. Nf4 Qg5 30. Ne6 Qh6 31. Qxh6 Bxh6 32. e3 Rd7 33. Nd4 Bg7 34. Kf1 Kf7 35. Ke2 Bxd4 36. Bxd4 g5 37. f4 gxf4 38. gxf4 Rd8 39. a4 a6 40. Kd2 Rg8 41. Kc3 Rg2 42. b5 axb5 43. axb5 Ke6 0-1

[Event "Kiev-ch"]
[Site "Kiev"]
[Date "2005.01.17"]
[Round "3"]
[White "Ianovsky, Alexander"]
[Black "Galinsky, Timofey"]
[Result "0-1"]
[WhiteElo "2328"]
[BlackElo "2416"]
[PlyCount "66"]
[EventDate "2005.01.15"]
[EventType "swiss"]
[EventRounds "11"]
[EventCountry "UKR"]
[SourceTitle "CBM 104 Extra"]
[Source "ChessBase"]
[SourceDate "2005.03.01"]
[SourceVersion "1"]
[SourceVersionDate "2005.03.01"]
[SourceQuality "1"]

1. e4 e6 2. d4 d5 3. Nc3 Bb4 4. Bd2 dxe4 5. Qg4 Nf6 6. Qxg7 Rg8 7. Qh6 Qxd4 8. 0-0-0 Rg6 9. Qh4 Rg4 10. Qh6 Bf8 11. Qh3 Qxf2 12. Nb5 Na6 13. Qb3 Qb6 14. Nh3 Bd7 15. Be2 Rxg2 16. Nf4 Rxe2 17. Nxe2 Qxb5 18. Qxb5 Bxb5 19. Nd4 Bd7 20. Bg5 Ng4 21. Rhg1 f5 22. Rd2 Nc5 23. h3 Ne5 24. Bf4 Ncd3+ 25. cxd3 Nxd3+ 26. Rxd3 exd3 27. Kd2 Kf7 28. Kxd3 Bd6 29. Bxd6 cxd6 30. Rc1 Rc8 31. Rxc8 Bxc8 32. Nb5 Ke7 33. Nxa7 Bd7 0-1